| 000 | 00649nam a2200205Ia 4500 | ||
|---|---|---|---|
| 003 | GCL | ||
| 008 | 140319s9999 xx 000 0 ara d | ||
| 040 |
_aGCL / _cGCL |
||
| 082 | 0 | 4 |
_a377.57 _bل ق |
| 100 | 1 | _aكامل الباقر | |
| 245 | 1 | 0 |
_aقصة الجامعة الاسلامية فى السودان حقائق ووثائق 1969-1965 / _cكامل الباقر |
| 260 |
_a[S.N] : _bمكتبة الانجلوالمصرية ، _c1988 |
||
| 300 | _a248 ص | ||
| 490 | _a | ||
| 650 | 0 | 4 | _aالتعليم العالى |
| 650 | 0 | 4 | _aالسودان |
| 650 | 0 | 4 | _aوثائق |
| 650 | 0 | 4 | _aالجامعات والكليات |
| 942 |
_2ddc _cBK |
||
| 999 |
_c30549 _d30549 |
||